| 000 | 00701nam a22002175a 4500 | ||
|---|---|---|---|
| 999 |
_c13182 _d13182 |
||
| 005 | 20190601103539.0 | ||
| 008 | 100124t1968 nyu frb 001 0 eng d | ||
| 040 |
_aEG-ScBUE _beng _cEG-ScBUE _dEG-ScBUE |
||
| 082 | 0 | 4 |
_a341.13956 _bLAL _222 |
| 100 | 1 |
_aLall, Arthur S. _q(Arthur Samuel), _d1911- |
|
| 245 | 1 | 4 |
_aThe UN and the Middle East crisis, 1967 / _cArthur Lall. |
| 260 |
_aNew York ; _aLondon : _bColumbia University press, _cc.1968. |
||
| 300 | 3 |
_aviii, 322 p. ; _c24 cm. |
|
| 500 | _aIncludes Index. | ||
| 541 | _aAlaa Abdel Ghaney ; | ||
| 610 | 2 | 7 |
_aUnited Nations _zMiddle East. _2BUEsh _932760 |
| 650 | _2BUEsh | ||
| 651 | _2BUEsh | ||
| 653 |
_bLLAAWW _cMay2019 |
||
| 942 | _2ddc | ||